MyGZULibrary

Your research project : (Record no. 1225)

MARC details
000 -LEADER
fixed length control field 01873cam a22003737a 4500
001 - CONTROL NUMBER
control field 16513100
003 - CONTROL NUMBER IDENTIFIER
control field GZU
005 - DATE AND TIME OF LATEST TRANSACTION
control field 20201001083932.0
008 - FIXED-LENGTH DATA ELEMENTS--GENERAL INFORMATION
fixed length control field 101022s2011 caua bf 001 0 eng d
010 ## - LIBRARY OF CONGRESS CONTROL NUMBER
LC control number 2010939860
016 7# - NATIONAL BIBLIOGRAPHIC AGENCY CONTROL NUMBER
Record control number 015730024
Source Uk
020 ## - INTERNATIONAL STANDARD BOOK NUMBER
International Standard Book Number 9781849204613
020 ## - INTERNATIONAL STANDARD BOOK NUMBER
International Standard Book Number 1849204616
020 ## - INTERNATIONAL STANDARD BOOK NUMBER
International Standard Book Number 9781849204620 (pbk.)
020 ## - INTERNATIONAL STANDARD BOOK NUMBER
International Standard Book Number 1849204624 (pbk.)
035 ## - SYSTEM CONTROL NUMBER
System control number (OCoLC)ocn699770299
040 ## - CATALOGING SOURCE
Original cataloging agency BTCTA
Language of cataloging eng
Transcribing agency BTCTA
Modifying agency YDXCP
-- BWK
-- SIN
-- BWX
-- OCLCA
-- CFI
-- HUA
-- CDX
-- UKMGB
-- VRC
-- DLC
042 ## - AUTHENTICATION CODE
Authentication code lccopycat
050 00 - LIBRARY OF CONGRESS CALL NUMBER
Classification number H62
Item number WAL 2011
082 04 - DEWEY DECIMAL CLASSIFICATION NUMBER
Classification number 001.4/2
Edition number 22
100 1# - MAIN ENTRY--PERSONAL NAME
Personal name Walliman, Nicholas.
245 10 - TITLE STATEMENT
Title Your research project :
Remainder of title designing and planning your work /
Statement of responsibility, etc. Nicholas Walliman.
250 ## - EDITION STATEMENT
Edition statement 3rd ed.
260 ## - PUBLICATION, DISTRIBUTION, ETC.
Place of publication, distribution, etc. Los Angeles :
Name of publisher, distributor, etc. Sage Publications,
Date of publication, distribution, etc. 2011.
300 ## - PHYSICAL DESCRIPTION
Extent xxi, 378 p. :
Other physical details ill. ;
Dimensions 24 cm.
504 ## - BIBLIOGRAPHY, ETC. NOTE
Bibliography, etc. note Includes bibliographical references (p. [369]-373) and index.
505 0# - FORMATTED CONTENTS NOTE
Formatted contents note Research and the research problem -- Research theory and the nature of knowledge -- Concepts, language and argument -- Information, and how to deal with it -- Research methods -- Honesty and research ethics -- Preparing the research proposal and starting to write.
520 ## - SUMMARY, ETC.
Summary, etc. "In the third edition of this bestselling book, you'll find everything you need to embark upon your research project and write your proposal with confidence...[this book] will guide you through the process of formulating a research question, choosing your research methods, planning your research, and writing your proposal"--P. [4] of cover.
650 #0 - SUBJECT ADDED ENTRY--TOPICAL TERM
Topical term or geographic name entry element Report writing
Form subdivision Handbooks, manuals, etc.
650 #0 - SUBJECT ADDED ENTRY--TOPICAL TERM
Topical term or geographic name entry element Research
Form subdivision Handbooks, manuals, etc.
906 ## - LOCAL DATA ELEMENT F, LDF (RLIN)
a 7
b cbc
c copycat
d 2
e ncip
f 20
g y-gencatlg
942 ## - ADDED ENTRY ELEMENTS (KOHA)
Source of classification or shelving scheme Library of Congress Classification
Koha item type Books
Classification part 62
Item part WAL
Call number prefix H
Holdings
Withdrawn status Lost status Damaged status Not for loan Collection code Home library Current library Shelving location Date acquired Total Checkouts Full call number Barcode Date last seen Copy number Price effective from Koha item type Total Renewals Date last checked out
        Non-fiction City Campus Library City Campus Library General Stacks 10/01/2020   H62 WAL 2011 010049 10/01/2020 c.1 10/01/2020 Books    
        Non-fiction City Campus Library City Campus Library General Stacks 10/01/2020   H62 WAL 2011 010050 10/01/2020 c.2 10/01/2020 Books    
        Non-fiction City Campus Library City Campus Library General Stacks 10/01/2020   H62 WAL 2011 010051 10/01/2020 c.3 10/01/2020 Books    
        Non-fiction Law Library City Campus Library General Stacks 06/08/2021 1 H62 WAL 2011 000487 05/18/2023 c.5 06/08/2021 Books 1 05/10/2023
        Non-fiction Law Library Law Library General Stacks 06/08/2021   H62 WAL 2011 000491 06/08/2021 c.4 06/08/2021 Books    
        Non-fiction Law Library Law Library General Stacks 06/08/2021   H62 WAL 2011 000484 06/08/2021 c.6 06/08/2021 Books